000 00521nam a2200169 a 4500
001 000295201
003 AM-YeHGA
005 20250617125958.0
008 031218s1916 ai 000 | arm d
040 _aAM-YeHGA
041 0 _aarm
245 1 0 _aԱմուրիները :
_bՍինէմա-կեանք /
_cՌաուլ-Բօնշօն.
260 _aԱ. տ. :
_bտպ. Զարեհ Ն. Պէրպէրեան,
_c1916.
300 _a50 էջ ;
_c19 սմ.
650 1 4 _aՀայ գրականություն
_xՊատմվածք
090 _c109623
999 _c108295
_d108295